Zhong Ri jin rong xue shu jiao liu wen ji, 1997-2008 nian / (Record no. 1664)

MARC details
000 -LEADER
fixed length control field 02286cam a2200529 a 4500
001 - CONTROL NUMBER
control field data
005 - DATE AND TIME OF LATEST TRANSACTION
control field 20260322212111.0
008 - FIXED-LENGTH DATA ELEMENTS--GENERAL INFORMATION
fixed length control field data
035 ## - SYSTEM CONTROL NUMBER
System control number 16744373
010 ## - LIBRARY OF CONGRESS CONTROL NUMBER
LC control number 2011369567
020 ## - INTERNATIONAL STANDARD BOOK NUMBER
International Standard Book Number 9787504953803
020 ## - INTERNATIONAL STANDARD BOOK NUMBER
International Standard Book Number 7504953806
035 ## - SYSTEM CONTROL NUMBER
System control number (OCoLC)696286637
040 ## - CATALOGING SOURCE
Original cataloging agency CPV
Transcribing agency CPV
Modifying agency DLC
041 1# - LANGUAGE CODE
Language code of text/sound track or separate title chi
Language code of original jpn
042 ## - AUTHENTICATION CODE
Authentication code lccopycat
043 ## - GEOGRAPHIC AREA CODE
Geographic area code a-ja---
-- a-ja---
050 00 - LIBRARY OF CONGRESS CALL NUMBER
Classification number HG187.C6
Item number Z45865 2010
066 ## - CHARACTER SETS PRESENT
Alternate G0 or G1 character set $1
245 00 - TITLE STATEMENT
Linkage 880-01
Title Zhong Ri jin rong xue shu jiao liu wen ji, 1997-2008 nian /
Statement of responsibility, etc. Zhongguo gong shang yin hang cheng shi jin rong yan jiu suo, Riben Xiongben xue yuan da xue.
250 ## - EDITION STATEMENT
Linkage 880-02
Edition statement Di 1 ban.
260 ## - PUBLICATION, DISTRIBUTION, ETC.
Linkage 880-03
Place of publication, distribution, etc. Beijing Shi :
Name of publisher, distributor, etc. Zhongguo jin rong chu ban she,
Date of publication, distribution, etc. 2010.
300 ## - PHYSICAL DESCRIPTION
Extent 6, 3, 478 p. :
Other physical details ill. ;
Dimensions 27 cm.
336 ## - CONTENT TYPE
Content type term text
Content type code txt
Source rdacontent
337 ## - MEDIA TYPE
Media type term unmediated
Media type code n
Source rdamedia
338 ## - CARRIER TYPE
Carrier type term volume
Carrier type code nc
Source rdacarrier
500 ## - GENERAL NOTE
Linkage 880-04
General note Ben shu shou lu de zhu yao shi zi 1997 nian yi lai Zhong Ri jin rong xue shu jiao liu zhong, shuang fang zai li jie guo ji yan tao hui shang de yan jiang gao.
500 ## - GENERAL NOTE
General note Some articles translated from Japanese.
504 ## - BIBLIOGRAPHY, ETC. NOTE
Bibliography, etc. note Includes bibliographical references.
650 #0 - SUBJECT ADDED ENTRY--TOPICAL TERM
Topical term or geographic name entry element Finance
Geographic subdivision China.
650 #0 - SUBJECT ADDED ENTRY--TOPICAL TERM
Topical term or geographic name entry element Finance
Geographic subdivision Japan.
650 #0 - SUBJECT ADDED ENTRY--TOPICAL TERM
Topical term or geographic name entry element Finance.
710 2# - ADDED ENTRY--CORPORATE NAME
Linkage 880-05
Corporate name or jurisdiction name as entry element Zhongguo gong shang yin hang.
Subordinate unit Cheng shi jin rong yan jiu suo.
710 2# - ADDED ENTRY--CORPORATE NAME
Linkage 880-06
Corporate name or jurisdiction name as entry element Kumamoto Gakuen Daigaku.
880 00 - ALTERNATE GRAPHIC REPRESENTATION
Linkage 245-01/$1
a $1!04!Bs!]>!W&':`EWF!0^!G;!BX!_A(B, 1997-2008 $1!<e(B /
c $1!04K7o!<7!6F']Z!WD!87!<D!]>!W&KN7!ON!?u(B, $1!Bs!Ci!Ix!Ci':`'7q!9%':`(B.
880 ## - ALTERNATE GRAPHIC REPRESENTATION
Linkage 250-02/$1
a $1!Os(B 1 $1!JH(B.
880 ## - ALTERNATE GRAPHIC REPRESENTATION
Linkage 260-03/$1
a $1!4I!0a!<D(B :
b $1!04K7o!]>!W&!3K!JH!Na(B,
c 2010.
880 ## - ALTERNATE GRAPHIC REPRESENTATION
Linkage 500-04/$1
a $1!Ci'CU!B=']t!M"!09!X%!C'!T&(B 1997 $1!<e!0w'1L!04!Bs!]>!W&':`EWF!0^!G;!04(B, $1'_N!Bg!7z'CI-;TK7o'_7KN7'X='CZ!0&!M"!HR'Y4!O>(B.
880 2# - ALTERNATE GRAPHIC REPRESENTATION
Linkage 710-05/$1
a $1!04K7o!<7!6F']Z!WD(B.
b $1!87!<D!]>!W&KN7!ON!?u(B.
880 2# - ALTERNATE GRAPHIC REPRESENTATION
Linkage 710-06/$1
a $1!Ix!Ci':`!7q!9%':`(B.
906 ## - LOCAL DATA ELEMENT F, LDF (RLIN)
a 7
b cbc
c copycat
d 3
e ncip
f 20
g y-nonroman
925 0# -
-- acquire
-- 1 shelf copy
-- policy default
923 ## -
-- 20110419
-- T201100372
-- CNP
985 ## -
-- CNP load
-- 2011-04-21
Holdings
Withdrawn status Lost status Damaged status Not for loan Home library Current library Shelving location Date acquired Total checkouts Full call number Barcode Date last seen Price effective from Koha item type
        Springfield Springfield General stacks 22/03/2026   HG187.C6 LOC-SPL-00007 22/03/2026 22/03/2026 Books